00505nam a2200181 a 4500001001300000003000900013005001700022008004100039020001000080082001500090245005800105260004600163300000800209500003500217505001500252650002400267710003200291nice12345678IN_TiNIC20260116012356.0050524s0000 laha grp 000 0 urd  ac10000a264.1bCKS aKhaas Khaas Mauqaon Ke Liye Duaen Aur Shukr Guzariyan aLahorebChristian Knowledge Societyc0000 a60p aincludes index and biblioraphy2 a6 Articles aPrayer-Christianity2 aChristian Knowledge Society